LIBRARY & INFORMATION CENTRE, KCAET, TAVANUR

ONLINE PUBLIC ACCESS CATALOGUE (OPAC)

Party politics in India :The development of a multi- party system ,Part l ll lll / (Record no. 2292)

MARC details
000 -LEADER
fixed length control field 00465cam a2200169ua 4500
041 ## - LANGUAGE CODE
Language code of text/sound track or separate title eng
082 ## - DEWEY DECIMAL CLASSIFICATION NUMBER
Classification number 324.2
Item number WEI/ PA
100 ## - MAIN ENTRY--AUTHOR NAME
Personal name Weiner, Myron .
245 ## - TITLE STATEMENT
Title Party politics in India :The development of a multi- party system ,Part l ll lll /
260 ## - PUBLICATION, DISTRIBUTION, ETC. (IMPRINT)
Place of publication :
Name of publisher Princeton new jersey ,
Year of publication 1962.
300 ## - PHYSICAL DESCRIPTION
Number of Pages 319 ; .
942 ## - ADDED ENTRY ELEMENTS (KOHA)
Koha item type Books
Holdings
Withdrawn status Lost status Damaged status Home library Current library Date acquired Full call number Accession Number Koha item type
Withdrawn     KAUAET Sanskrit University 07/04/2012 324.2 4877 Books
free website counter